Use of myths in the poetry of Ted Hughes/ (Record no. 191870)

MARC details
000 -LEADER
fixed length control field 00547nam a22001817a 4500
005 - DATE AND TIME OF LATEST TRANSACTION
control field 20220906113202.0
010 ## - LCCN (DPL NO)
LC control number ENG-134902
020 ## - INTERNATIONAL STANDARD BOOK NUMBER
Terms of availability 395.00
International Standard Book Number 978-81-89917-92-0
035 ## - SYSTEM CONTROL NUMBER
System control number EN-118434
037 ## - SOURCE OF ACQUISITION
Source of stock number/acquisition DBAD/PUB
082 ## - DEWEY DECIMAL CLASSIFICATION NUMBER
Classification number 881.08
100 ## - MAIN ENTRY--PERSONAL NAME
Personal name Sharma, Aruna
245 ## - TITLE STATEMENT
Title Use of myths in the poetry of Ted Hughes/
Statement of responsibility, etc Aruna Kumari
260 ## - PUBLICATION, DISTRIBUTION, ETC. (IMPRINT)
Date of publication, distribution, etc 2011
Name of publisher, distributor, etc Vishvabharti Publications
Place of publication, distribution, etc New Delhi
270 ## - ADDRESS
Address 4378/4B Ansari Road, Daryaganj
City New Delhi
Postal code 110002
300 ## - PHYSICAL DESCRIPTION
Extent 106p.
Dimensions 21cm(hb)
942 ## - ADDED ENTRY ELEMENTS (KOHA)
Source of classification or shelving scheme Dewey Decimal Classification
Item type English Books
Classification part 881.08
Call number suffix SHA
Holdings
Withdrawn status Lost status Not for loan Collection code Home library Current library Date acquired Source of acquisition Cost, normal purchase price Full call number Barcode Copy number Cost, replacement price Koha item type
      Non-fiction Ashok Vihar Ashok Vihar 06/09/2022 DBAD/PUB 395.00 881.08 SHA EN-118434 1 395.00 English Books

© Delhi Public Library
Hit Counter
free hit counter